00381nam a2200121Ia 4500008004100000082001300041100002300054245003800077300002100115942000700136999001900143952009700162230907s9999||||xx |||||||||||||| ||und|| a5.8bSMI aSmith, Richard E., 0aElementary information security / axxi, 866 pages : cBK c600428d600428 00104070aCAS-EbCAS-Ed2019-11-21l0o005.8 SMIpCAS-E0004527r2023-09-12w2023-09-12yBK